00890nam a22002297a 450000500170000001000130001702000110003003500130004103700160005404000120007008200300008210000440011224500710015624600400022726000840026727001330035130000510048465000430053565000430057865000210062165000180064220170124103025.0 aA-767105 c600.00 aA-767105 bCen Lib/Ret aDPLbHN aउ bशर्माम  aशर्मा, मदनमोहन  aलंकेश्वर /cमदनमोहन शर्मा  aLankeshwar /bby Madanmohan Sharma  a नयी दिल्ली bभूमिका प्रकाशन c1996 aमाकन न.38, गली न. 2, संत विहार, दरयागंज b नयी दिल्ली e110002 a175पृ.c21सेमी(सजिल्द) aहिंदी साहित्य  aहिंदी उपन्यास  aHindi literature aHindi fiction